书目信息 |
| 题名: |
中国税制
|
|
| 作者: | 许建国 主编 | |
| 分册: | ||
| 出版信息: | 北京 中国财政经济出版社 1995 |
|
| 页数: | 402页 | |
| 开本: | 20cm | |
| 丛书名: | ||
| 单 册: | ||
| 中图分类: | F812.42 | |
| 科图分类: | 29.722 | |
| 主题词: | 税收制度--中国--高等学校--教材 | |
| 电子资源: | ||
| ISBN: | 7-5005-2779-9 | |
| 000 | 00724nam0 2200253 45 | |
| 001 | 0196021444 | |
| 005 | 20070724092537.57 | |
| 010 | @a7-5005-2779-9@dCNY11.80 | |
| 100 | @a19950719d1995 em y0chiy0121 ea | |
| 101 | 0 | @achi |
| 102 | @aCN@b110000 | |
| 105 | @ay z 000yy | |
| 200 | 10 | @a中国税制@AZHONG GUO SHUI ZHI@f许建国主编@FXU JIAN GUO ZHU BIAN |
| 210 | @a北京@c中国财政经济出版社@d1995@h1997 | |
| 215 | @a402页@d20cm | |
| 300 | @a普通高等教育税收类规划教材 | |
| 314 | @a许建国,中南财经大学任教 | |
| 540 | 1 | @a税制@ASHUI ZHI |
| 606 | @a税收制度@y中国@x高等学校@x教材 | |
| 690 | @aF812.42 | |
| 692 | @a29.722 | |
| 701 | 0 | @a许建国@AXU JIAN GUO@4主编 |
| 801 | 0 | @aCN@bTSSF@c20070724 |
| 905 | @a10447@dF812.42@e49 | |
| 中国税制/许建国主编.-北京:中国财政经济出版社,1995(1997) |
| 402页;20cm |
| 普通高等教育税收类规划教材 |
| ISBN 7-5005-2779-9:CNY11.80 |
| ● |
| 相关链接 |
|
|
|
|
正题名:中国税制
索取号:F812.42/49
 
预约/预借
| 序号 | 登录号 | 条形码 | 馆藏地/架位号 | 状态 | 备注 |
| 1 | 0767264 | 207672641 | 第一样本阅览室/ [索取号:F812.42/49] | 在馆 |